Ciencia en teatro : cuatro obras /

El autor reúne dos piezas teatrales cuyo tema en común es la labor del químico. En la primera de ellas, "Falacia", presenta el enfrentamiento entre un historiador del arte y un químico, cuando se descubre que una pieza de arte antiquísima resulta ser de una época moderna. La segunda pieza, "Insufici...

Full description

Bibliographic Details
Main Author: Djerassi, Carl
Format: Libro
Language:Spanish
Published: Mexico Fondo de Cultura Económica 2014
Subjects:
Online Access:

MARC

LEADER 00000cam a2200000 a 4500
001 021198
003 UAHC_CL
005 20170803121949.0
008 151008b2014 mx 000 spa
020 |a 9786071619693 
040 |a UAHC_CL  |c UAHC_CL  |d UAHC_CL 
082 0 4 |a 832  |b D624  |2 20 
100 1 |a Djerassi, Carl 
245 1 0 |a Ciencia en teatro :  |b cuatro obras /  |c Carl Djerassi. 
260 |b Fondo de Cultura Económica  |a Mexico  |c 2014 
300 |a 355 p. 
520 |a El autor reúne dos piezas teatrales cuyo tema en común es la labor del químico. En la primera de ellas, "Falacia", presenta el enfrentamiento entre un historiador del arte y un químico, cuando se descubre que una pieza de arte antiquísima resulta ser de una época moderna. La segunda pieza, "Insuficiencia", trata sobre un profesor que fracasa en su empeño por conseguir una plaza permanente en su universidad, debido entre otras cosas al poco "atractivo" de su investigación: la fisicoquímica de las burbujas en la cerveza y el champagne. 
650 4 |a TEATRO  |z AUSTRIA 
650 4 |a LITERATURA Y CIENCIA 
653 |a ACTUACION TEATRAL 
900 |a 832 DJE 
942 |c BK 
952 |0 0  |1 0  |4 0  |6 832_000000000000000_DJE  |7 0  |8 General  |9 42185  |a BS  |b BS  |c General  |d 2017-08-03  |l 2  |o 832 DJE  |p 1430259  |r 2025-11-26 00:00:00  |s 2024-07-09  |t 1  |w 2017-08-03  |y BK 
999 |c 21198  |d 21198